| 000 | 00593nam a22001817a 4500 | ||
|---|---|---|---|
| 005 | 20150911105413.0 | ||
| 010 | _aENG-113915 | ||
| 020 |
_c250.00 _a9789350450956 |
||
| 035 | _aEN-97447 | ||
| 037 |
_bDBAD/PUB _adpl |
||
| 082 | _aS | ||
| 100 | _aGeorge, Nita B. | ||
| 245 |
_aEncounters : _cNita B. George _ba collection of short stories / |
||
| 260 |
_aCalcutta _bWriters Workshop _c2014 |
||
| 270 |
_a162/92, Lake Gardens, _bCalcutta _e700045 |
||
| 300 |
_a83p. _c22cm(Hb) |
||
| 942 |
_2ddc _cEN _mGEO _hS |
||
| 999 |
_c96513 _d96513 |
||